Länder med runstenar - Statistics

General Stats
  • This quiz has been taken 149 times
  • The average score is 7 of 8
Answer Stats
Antal Land % Correct
c:a 300 Danmark
98%
c:a 50 Norge
98%
1 700 - 2 500 Sverige
98%
1 Finland
97%
4 Tyskland
90%
c:a 50 Storbritannien
80%
1 Irland
65%
1 Ukraina
32%
No matching quizzes found
Score Distribution
Percent of People with Each Score
Percentile by Number Answered
Your Score History
You have not taken this quiz